Normal view
MARC view
- Van Wylen, Gordon J.
Entry Personal Name
001 - CONTROL NUMBER
- control field: 55621
003 - CONTROL NUMBER IDENTIFIER
- control field: NUST
005 - DATE AND TIME OF LATEST TRANSACTION
- control field: 20210628201522.0
008 - FIXED-LENGTH DATA ELEMENTS
- fixed length control field: 210628|| aca||aabn | a|a d
040 ## - CATALOGING SOURCE
- Original cataloging agency: NUST
- Transcribing agency: NUST
100 ## - HEADING--PERSONAL NAME
- Personal name: Van Wylen, Gordon J.
- Fuller form of name: (Gordon John),
- Dates associated with a name: 1920-
- Title of a work: Fundamentals of classical thermodynamics
670 ## - SOURCE DATA FOUND
- Source citation: Work cat.: (NUST): Sonntag, Richard Edwin. 41815, Fundamentals of thermodynamics /, c2003.
